[Event "St Quentin Open 4th"]
[Site "?"]
[Date "2001.04.16"]
[Round "2.1"]
[White "Apicella Manuel"]
[Black "Fejzovski Enver"]
[Result "1-0"]
[WhiteElo "2508"]
[BlackElo "2158"]
[PlyCount "61"]
[EventDate "2001.??.??"]
[Source "www.chesslib.no"]
[SourceDate "2004.05.04"]

1. e4 a6 2. d4 e6 3. Nc3 c5 4. d5 e5 5. a4 d6 6. g3 h5 7. h4 g6 8. Bg2 Bh6 9. Nge2 Bxc1 10. Qxc1 Nh6 11. Qd2 b6 12. Nd1 Nd7 13. Ne3 Nf8 14. O-O Ra7 15. Nc4 f6 16. b4 g5 17. bxc5 bxc5 18. hxg5 fxg5 19. Rab1 Nf7 20. Na5 Bd7 21. Rb2 Ng6 22. Rfb1 O-O 23. Rb6 h4 24. Nc6 Bxc6 25. dxc6 g4 26. Rb7 h3 27. Rxa7 hxg2 28. Rbb7 Qf6 29. Qd5 Qf3 30. Rxf7 Rxf7 31. Nf4 1-0

[Event "Aegean-ch op"]
[Site "Ikaros"]
[Date "2002.07.15"]
[Round "3"]
[White "Managadze, Nikoloz"]
[Black "Gogolis, Alexandros"]
[Result "1-0"]
[WhiteElo "2428"]
[BlackElo "2237"]
[PlyCount "85"]
[EventDate "2002.07.13"]
[Source "ChessBase"]
[SourceDate "2002.09.11"]

1. e4 a6 2. d4 b5 3. Nf3 Bb7 4. Bd3 Nf6 5. Nbd2 e6 6. c3 c5 7. e5 Nd5 8. dxc5 Bxc5 9. Ne4 Be7 10. O-O Nc6 11. Bg5 f6 12. exf6 gxf6 13. Bh6 Qc7 14. a4 b4 15. cxb4 Ncxb4 16. Rc1 Qb6 17. Bc4 Rg8 18. Nh4 Bc6 19. Qh5+ Kd8 20. Rfd1 Kc7 21. Nc3 Nxc3 22. Rxc3 f5 23. Bf4+ Kb7 24. Qxh7 Rae8 25. Ng6 Ka7 26. Rg3 Bc5 27. Rd2 Nd5 28. Bxd5 exd5 29. Ne5 Rh8 30. Qg7 Qb4 31. Nd3 Qxf4 32. Qxh8 Qb8 33. Qh6 Qb3 34. h4 Bb6 35. Qg6 Re6 36. Qxf5 Bc7 37. Re3 Rxe3 38. fxe3 Bb6 39. Qf4 Qxa4 40. Qxa4 Bxe3+ 41. Nf2 Bxa4 42. Rxd5 Bc6 43. Rd3 1-0

[Event "Ruhrgebiet"]
[Site "?"]
[Date "1998.??.??"]
[Round "?"]
[White "Visser Yge"]
[Black "Wuts Frank"]
[Result "1-0"]
[WhiteElo "2360"]
[BlackElo "2305"]
[PlyCount "105"]
[EventDate "1998.??.??"]
[Source "www.chesslib.no"]
[SourceDate "2004.05.04"]

1. e4 a6 2. d4 b5 3. Bd3 e6 4. Nf3 c5 5. c3 Bb7 6. Qe2 cxd4 7. cxd4 Nc6 8. Nc3 Be7 9. O-O Rc8 10. Bf4 g5 11. Be3 h5 12. Rad1 g4 13. Nd2 h4 14. Qxg4 Nf6 15. Qe2 Rg8 16. h3 Qc7 17. f4 Qd6 18. Nb3 Nb4 19. d5 Nxd3 20. Rxd3 Rxc3 21. e5 Qb8 22. bxc3 Nxd5 23. Rf2 Qc7 24. Qh5 Nxe3 25. Rxe3 Bc5 26. Nxc5 Qxc5 27. Ref3 Bxf3 28. Qxf3 Rg3 29. Qa8+ Ke7 30. Qh8 Rxc3 31. Qxh4+ Ke8 32. Qh8+ Qf8 33. Qxf8+ Kxf8 34. Rd2 Ke7 35. h4 a5 36. h5 Rg3 37. Kf2 Rg7 38. Kf3 f5 39. exf6+ Kxf6 40. g4 Re7 41. Rd6 Kf7 42. g5 b4 43. Ke4 a4 44. Rb6 d6 45. Rxb4 Ra7 46. Rb6 a3 47. Rxd6 Rc7 48. Rd3 Rc4+ 49. Kf3 e5 50. fxe5 Ke6 51. Re3 Kf5 52. e6 Rc8 53. e7 1-0

[Event "Budapest HUN"]
[Site "?"]
[Date "2004.05.11"]
[Round "11"]
[White "Brustkern Juergen"]
[Black "Chetverik Maxim"]
[Result "1/2-1/2"]
[WhiteElo "2266"]
[BlackElo "2397"]
[PlyCount "45"]
[EventDate "2004.??.??"]
[Source "www.chesslib.no"]
[SourceDate "2004.05.04"]

1. e4 a6 2. d4 b5 3. Nf3 Bb7 4. Bd3 Nf6 5. Qe2 e6 6. O-O c5 7. c3 Nc6 8. Nbd2 cxd4 9. cxd4 Be7 10. a3 h6 11. d5 exd5 12. e5 Nh5 13. Nb3 g6 14. Be3 Na5 15. Nxa5 Qxa5 16. b4 Qc7 17. Rac1 Bc6 18. Rfe1 Ng7 19. Qd2 Ne6 20. Nd4 Qb7 21. f4 Rc8 22. Qf2 Rg8 23. Bf1 1/2-1/2

[Event "Gausdal Int"]
[Site "Gausdal"]
[Date "1980.??.??"]
[Round "?"]
[White "Donaldson, John W"]
[Black "Tiller, Bjorn"]
[Result "1-0"]
[WhiteElo "2360"]
[BlackElo "2300"]
[PlyCount "79"]
[EventDate "1980.04.??"]
[Source "ChessBase"]

1. e4 a6 2. d4 b5 3. Bd3 Bb7 4. Nf3 Nf6 5. Nbd2 e6 6. O-O c5 7. c3 cxd4 8. cxd4 Qb6 9. Re1 Be7 10. Nf1 Nc6 11. Bb1 d5 12. e5 Ng8 13. Be3 h5 14. N1d2 Nh6 15. Nb3 a5 16. Bg5 Bb4 17. Re2 a4 18. Nc1 a3 19. Bd3 Kf8 20. Rb1 Ba6 21. bxa3 Bc3 22. Nb3 Nxd4 23. Nbxd4 Bxd4 24. Bxh6 Rxh6 25. a4 Bc3 26. axb5 Bb7 27. Qb3 Qc5 28. a4 Rc8 29. Rc1 d4 30. Be4 Bxe4 31. Rxe4 Rd8 32. Nxd4 Qd5 33. Qxd5 exd5 34. Nc6 Rxc6 35. bxc6 dxe4 36. c7 Rc8 37. Rxc3 Ke7 38. Kf1 Kd7 39. Ke2 Ra8 40. c8=Q+ 1-0

[Event "BL2-N 9596"]
[Site "GER"]
[Date "1996.??.??"]
[Round "?"]
[White "Becker, Walter"]
[Black "Steffens, Olaf"]
[Result "1-0"]
[WhiteElo "2330"]
[BlackElo "2325"]
[PlyCount "41"]
[EventDate "1995.10.??"]
[Source "www.chesslib.no"]
[SourceDate "2004.05.04"]

1. e4 a6 2. d4 b5 3. Bd3 e6 4. Nf3 c5 5. c3 Bb7 6. O-O Nf6 7. Re1 Be7 8. a4 c4 9. Bc2 b4 10. cxb4 Bxb4 11. Nc3 Qc7 12. Qe2 d5 13. exd5 Nxd5 14. Bd2 Be7 15. Ne5 Nb4 16. Be4 Bxe4 17. Qxe4 N8c6 18. Bf4 f5 19. Qf3 Bd6 20. Nxc6 Nxc6 21. Rxe6+ 1-0

[Event "Moscow RUS"]
[Site "?"]
[Date "2006.02.12"]
[Round "6"]
[White "Stets Vasilij"]
[Black "Ivanets Vladimir"]
[Result "1-0"]
[WhiteElo "2374"]
[BlackElo "2280"]
[PlyCount "106"]
[EventDate "2006.??.??"]
[Source "www.chesslib.no"]
[SourceDate "2004.05.04"]

1. e4 a6 2. Nf3 d6 3. d4 Bg4 4. Bc4 e6 5. h3 Bh5 6. Be3 Nf6 7. Nc3 d5 8. exd5 exd5 9. Be2 Bd6 10. Ne5 Bxe2 11. Qxe2 O-O 12. O-O Re8 13. Bg5 c6 14. Bxf6 Qxf6 15. Rae1 Bxe5 16. Qg4 Bh2+ 17. Kh1 Rd8 18. Kxh2 Nd7 19. Re2 Nf8 20. Nd1 Ne6 21. c3 h5 22. Qg3 Rac8 23. Qe5 Qxe5+ 24. Rxe5 g6 25. f4 c5 26. f5 gxf5 27. Rexf5 cxd4 28. cxd4 Nxd4 29. Rxf7 Rc1 30. Rxb7 h4 31. Rb4 Rc4 32. Rxc4 dxc4 33. Ne3 Rc8 34. Rf4 c3 35. Rxd4 c2 36. Nxc2 Rxc2 37. b4 Rxa2 38. Rxh4 Ra3 39. Rh6 Kf7 40. Rb6 Ke7 41. h4 Kf7 42. h5 Ke7 43. g3 Kf7 44. Kh3 Kg8 45. Kh4 Ra4 46. Kg5 a5 47. bxa5 Rxa5+ 48. Kg6 Ra8 49. g4 Kh8 50. g5 Rg8+ 51. Kf5 Rg7 52. Kf6 Rg8 53. Rb7 Ra8 1-0

[Event "Val d'Isere (France)"]
[Site "?"]
[Date "2004.08.22"]
[Round "7"]
[White "Skripchenko Lautier Almira"]
[Black "Wohlers Armas Friederike"]
[Result "1/2-1/2"]
[WhiteElo "2474"]
[BlackElo "2180"]
[PlyCount "125"]
[EventDate "2004.??.??"]
[Source "www.chesslib.no"]
[SourceDate "2004.05.04"]

1. e4 a6 2. d4 c5 3. c3 cxd4 4. cxd4 d5 5. e5 Bf5 6. Nc3 Nc6 7. Be3 e6 8. Nf3 h6 9. a3 Nge7 10. Nd2 g5 11. g4 Bg6 12. Be2 Nc8 13. O-O Be7 14. Rc1 Nb6 15. Na4 Nxa4 16. Qxa4 O-O 17. Nf3 Kg7 18. Qd1 Rh8 19. Ne1 Qb6 20. Bd3 Bxd3 21. Nxd3 f6 22. exf6+ Bxf6 23. Nc5 Nd8 24. Nd7 Qd6 25. Nxf6 Kxf6 26. f4 Kg7 27. f5 Rf8 28. Qd3 exf5 29. gxf5 Nc6 30. Bf2 Qf6 31. Bg3 Kg8 32. Rxc6 Qxc6 33. Be5 Qd7 34. Qh3 Kh7 35. Qd3 Kg8 36. Rf2 Rac8 37. Kg2 Qf7 38. Qf3 Rc6 39. h4 gxh4 40. Kh3 Rg6 41. Kh2 Rg5 42. f6 h3 43. Kxh3 Kh8 44. Bf4 Rh5+ 45. Kg2 Rg8+ 46. Kf1 Kh7 47. Be5 Rc8 48. Qd3+ Qg6 49. Qxg6+ Kxg6 50. f7 Rf8 51. Rf6+ Kh7 52. Rf2 Rg5 53. Bd6 Kg7 54. Bxf8+ Kxf8 55. Ke2 h5 56. Ke3 h4 57. Kf4 Rh5 58. Kg4 Rh7 59. Kh3 Rxf7 60. Rxf7+ Kxf7 61. Kxh4 Kf6 62. Kg4 Kg6 63. Kf4 1/2-1/2

[Event "Teheran zt 3.1a"]
[Site "Teheran"]
[Date "2001.04.08"]
[Round "6"]
[White "Jasim, AR Saleh"]
[Black "Ali, Amjad"]
[Result "1-0"]
[WhiteElo "2293"]
[BlackElo "2360"]
[PlyCount "105"]
[EventDate "2001.04.05"]
[Source "ChessBase"]
[SourceDate "2001.05.06"]

1. e4 a6 2. g3 b5 3. Bg2 Bb7 4. d3 g6 5. f4 Bg7 6. Nf3 d6 7. O-O e6 8. f5 e5 9. fxg6 hxg6 10. Nc3 Nd7 11. Bg5 f6 12. Be3 Ne7 13. Qd2 b4 14. Ne2 c5 15. Nh4 Nf8 16. c3 a5 17. d4 g5 18. Nf5 Nxf5 19. Rxf5 Ne6 20. Rd1 Qe7 21. Qc2 a4 22. d5 b3 23. axb3 axb3 24. Qxb3 Nd8 25. Rff1 O-O 26. Ra1 Nf7 27. Bh3 Rxa1 28. Rxa1 Bc8 29. Bxc8 Rxc8 30. Qb6 Qe8 31. Ra7 Rb8 32. Qc6 Rc8 33. Qxe8+ Rxe8 34. b4 cxb4 35. cxb4 Rb8 36. Ra4 f5 37. Nc3 f4 38. Bf2 g4 39. b5 Ng5 40. Ba7 Rb7 41. b6 Kf7 42. Rc4 Ke8 43. Rc8+ Kd7 44. Rg8 Bf6 45. Kf2 Bd8 46. Kf1 Nf3 47. Kg2 Ne1+ 48. Kf2 Nf3 49. Kg2 Nxh2 50. Rg7+ Kc8 51. Rg8 fxg3 52. Kxg3 Rf7 53. Nb5 1-0

[Event "FIN-chT 9900"]
[Site "?"]
[Date "2000.??.??"]
[Round "?"]
[White "Rantanen Yrjo A"]
[Black "Puranen Jukka"]
[Result "1/2-1/2"]
[WhiteElo "2358"]
[BlackElo "2294"]
[PlyCount "83"]
[EventDate "2000.??.??"]
[Source "www.chesslib.no"]
[SourceDate "2004.05.04"]

1. e4 a6 2. d4 b5 3. Bd3 Bb7 4. Nh3 Nf6 5. Nd2 e6 6. O-O c5 7. dxc5 Bxc5 8. e5 Ng8 9. Ne4 Be7 10. Qg4 g6 11. Nhg5 h5 12. Qf3 Nh6 13. Nxe6 dxe6 14. Nf6+ Bxf6 15. Qxb7 Nd7 16. exf6 Qc8 17. Qxc8+ Rxc8 18. Bg5 Nc5 19. Rfc1 Nf5 20. Bf1 O-O 21. f3 e5 22. h4 Ng3 23. Re1 Rfe8 24. c3 e4 25. fxe4 Nxf1 26. Kxf1 Nxe4 27. a4 Rc5 28. Kg1 Re6 29. axb5 Rxb5 30. b4 Rbb6 31. Red1 Nxf6 32. Rd8+ Kg7 33. Rf1 Rbc6 34. Bxf6+ Rxf6 35. Rd3 Rc4 36. g3 Rc7 37. Rxf6 Kxf6 38. Kf2 Ke5 39. Ke3 f5 40. Kd2 Rc6 41. Ke3 Rc4 42. Kf3 1/2-1/2

[Event "3. Cup Russia Wom Final"]
[Site "?"]
[Date "2004.11.18"]
[Round "6"]
[White "Pogonina Natalija"]
[Black "Kirillova Varvara"]
[Result "1-0"]
[WhiteElo "2385"]
[BlackElo "2262"]
[PlyCount "95"]
[EventDate "2004.??.??"]
[Source "www.chesslib.no"]
[SourceDate "2004.05.04"]

1. e4 a6 2. d4 b5 3. Nf3 Bb7 4. Bd3 g6 5. O-O Bg7 6. a4 b4 7. c3 bxc3 8. Nxc3 d6 9. Qb3 Bc8 10. h3 Nc6 11. Be3 Rb8 12. Qa3 Nf6 13. Rac1 O-O 14. Na2 Qd7 15. Rc2 Nd8 16. Rfc1 c6 17. Nb4 Bb7 18. a5 Ra8 19. Nd2 Qe8 20. e5 Nd7 21. exd6 exd6 22. Bf1 Qe6 23. Nd3 f5 24. Nc4 Nf7 25. Re1 Qf6 26. Bf4 c5 27. dxc5 dxc5 28. Nxc5 Nxc5 29. Qxc5 Be4 30. Rd2 Rac8 31. Qa3 Qc6 32. Nd6 Nxd6 33. Rxd6 Qc2 34. Rd2 Qc6 35. Qb3+ Kh8 36. Qb6 Qa4 37. b3 Qc6 38. Red1 Qc3 39. Rd8 Qf6 40. Rxf8+ Qxf8 41. Bxa6 Re8 42. Bc4 Qe7 43. Qc7 Qb4 44. Rd8 Qe1+ 45. Kh2 Bc6 46. Rxe8+ Bxe8 47. Qc8 g5 48. Be3 1-0

[Event "NZL Ch"]
[Site "New Zealand"]
[Date "1986.??.??"]
[Round "?"]
[White "Sarapu, Ortvin"]
[Black "Nokes, Roger I"]
[Result "1-0"]
[WhiteElo "2335"]
[BlackElo "2310"]
[PlyCount "75"]
[EventDate "1986.??.??"]
[Source "www.chesslib.no"]
[SourceDate "2004.05.04"]

1. e4 a6 2. d4 b5 3. Nf3 Bb7 4. Bd3 Nf6 5. e5 Nd5 6. a4 b4 7. Ng5 e6 8. Qf3 Qe7 9. c4 bxc3 10. bxc3 Nc6 11. Ne4 f5 12. exf6 gxf6 13. O-O Bg7 14. Nc5 Bc8 15. Re1 O-O 16. Ba3 Qf7 17. Bc4 Kh8 18. Nd2 Rg8 19. Nde4 f5 20. Ng3 f4 21. Bxd5 exd5 22. Nd3 Bh6 23. Bc1 Rf8 24. Nh5 d6 25. Bxf4 Qg6 26. Qxd5 Bf5 27. Bxh6 Qxh6 28. Ndf4 Bd7 29. Ne6 Rg8 30. Ng3 Ne7 31. Qh5 Qf6 32. Qe2 Ng6 33. Nxc7 Raf8 34. Nd5 Qf7 35. c4 Nh4 36. Ra3 Bg4 37. Qc2 Ng6 38. Qd2 1-0

[Event "GER-ch"]
[Site "Binz"]
[Date "1995.??.??"]
[Round "8"]
[White "Matthias, Heiner"]
[Black "Schulz, Karsten"]
[Result "1-0"]
[WhiteElo "2330"]
[BlackElo "2315"]
[PlyCount "79"]
[EventDate "1995.11.??"]
[Source "ChessBase"]

1. e4 a6 2. g3 b5 3. Bg2 Bb7 4. d3 e6 5. Nf3 c5 6. O-O Nc6 7. c3 Nf6 8. Re1 d5 9. e5 Nd7 10. h4 h6 11. Qe2 Qb6 12. Nbd2 g6 13. c4 Nb4 14. Rd1 Bg7 15. a3 Nc2 16. Rb1 g5 17. hxg5 hxg5 18. g4 dxc4 19. Ne4 Nxe5 20. Nxe5 Nd4 21. Qe3 Bxe5 22. Qxg5 f5 23. Kf1 fxe4 24. Qxe5 O-O-O 25. dxe4 Rhg8 26. g5 b4 27. axb4 c3 28. Rxd4 Rxd4 29. bxc5 Qb5+ 30. Kg1 Rd1+ 31. Kh2 c2 32. Qxe6+ Kb8 33. Qxg8+ Ka7 34. Ra1 Qc6 35. Bf4 Bc8 36. Qb3 Bb7 37. Rxd1 cxd1=Q 38. Qxd1 Qg6 39. c6 Bxc6 40. Qd4+ 1-0

[Event "Budapest HUN"]
[Site "?"]
[Date "2003.08.05"]
[Round "4"]
[White "Eisenbeiser Amadeus"]
[Black "Chetverik Maxim"]
[Result "1/2-1/2"]
[WhiteElo "2233"]
[BlackElo "2408"]
[PlyCount "89"]
[EventDate "2003.??.??"]
[Source "www.chesslib.no"]
[SourceDate "2004.05.04"]

1. e4 a6 2. d4 b5 3. Nf3 Bb7 4. Bd3 Nf6 5. Qe2 e6 6. a4 c5 7. dxc5 b4 8. e5 Nd5 9. Bg5 Qc7 10. c4 bxc3 11. Nxc3 Nxc3 12. bxc3 Bxf3 13. gxf3 Qxc5 14. O-O Nc6 15. f4 h6 16. Bh4 g5 17. Bg3 gxf4 18. Bxf4 h5 19. Kh1 Bg7 20. Rfe1 Qxc3 21. Rac1 Qa5 22. Qe4 Rc8 23. Qc4 Ne7 24. Qxa6 Qxa6 25. Bxa6 Ra8 26. Bb5 Ng6 27. Be3 Bxe5 28. Rcd1 O-O 29. Rxd7 Rfc8 30. Bb6 Rc3 31. f3 Rc2 32. Bg1 Ra2 33. Red1 Nh4 34. R7d2 Rxd2 35. Rxd2 Rc8 36. Be2 Rc1 37. a5 Bf4 38. Rd8+ Kh7 39. a6 Ra1 40. Rd1 Ra3 41. a7 Bxh2 42. Kxh2 Nxf3+ 43. Kh1 Nxg1 44. Kxg1 Rxa7 45. Bxh5 1/2-1/2